| 000 | 00541nam a2200205Ia 4500 | ||
|---|---|---|---|
| 005 | 20260429112004.0 | ||
| 008 | 260429s9999||||xx |||||||||||||| ||und|| | ||
| 020 | _a9781787153639 | ||
| 041 | _aEnglish | ||
| 082 |
_a551.46 _bTRO |
||
| 100 | _aTrojan, Jakub | ||
| 245 | 0 |
_aEssentials of oceanography / _cJakub Trojan |
|
| 260 |
_aUnited Kingdom : _bKruger Brentt Publishers, _c2025. |
||
| 300 | _aix, 282 p.; hb | ||
| 650 | _a Geology | ||
| 650 | _a Oceanography | ||
| 650 | _aEarth science | ||
| 700 | _a Janska, Eva | ||
| 942 | _cTB | ||
| 999 |
_c51768 _d51768 |
||